[Event "1st FIDE World Online Women Blitz 2015"]
[Site "Rome ITA"]
[Date "2015.11.26"]
[Round "1"]
[White "Gunina, Valentina"]
[Black "Vasilevich, Irina"]
[Result "0-1"]
[WhiteTitle "GM"]
[BlackTitle "IM"]
[WhiteElo "2516"]
[BlackElo "2305"]
[WhiteFideId "4167570"]
[BlackFideId "4141296"]
[EventDate "2015.11.26"]

1. d4 Nf6 2. c4 Nc6 3. Nf3 e6 4. g3 Bb4+ 5. Bd2 a5 6. Bg2 d6 7. O-O Bxd2 8. Qxd2
O-O 9. Nc3 e5 10. Rad1 Qe7 11. d5 Nb8 12. Nh4 Na6 13. e4 Nc5 14. Rde1 Ng4 15. h3
Nh6 16. Kh2 Bd7 17. Re2 Rae8 18. Re3 Qd8 19. Re2 b6 20. f3 f5 21. exf5 Nxf5 22.
Nxf5 Bxf5 23. Ref2 Bd3 24. Rd1 Bxc4 25. f4 exf4 26. Rxf4 Rxf4 27. Qxf4 Ba6 28.
Rd2 Bc8 29. Nb5 Qe7 30. Rf2 Nd3 31. Qd4 Nxf2 32. Qxf2 Ba6 33. Na7 Rf8 34. Qc2
Qf7 35. Nc6 Bb7 36. Qc4 Bxc6 37. Qxc6 Qe7 38. Qc2 g6 39. h4 Rf7 40. h5 gxh5 41.
Qd1 h4 42. Qg4+ Kh8 43. gxh4 Qe5+ 44. Kh1 Qe1+ 45. Kh2 Qe5+ 46. Kh1 Rg7 47. Qc8+
Rg8 48. Qh3 Qe1+ 49. Kh2 Qe5+ 50. Kh1 Qxb2 51. Qf3 Qxg2+ 52. Qxg2 Rxg2 53. Kxg2
Kg7 0-1

[Event "1st FIDE World Online Women Blitz 2015"]
[Site "Rome ITA"]
[Date "2015.11.26"]
[Round "1"]
[White "Dzagnidze, Nana"]
[Black "Foisor, Sabina-Francesca"]
[Result "1-0"]
[WhiteTitle "GM"]
[BlackTitle "WGM"]
[WhiteElo "2566"]
[BlackElo "2258"]
[WhiteFideId "13601903"]
[BlackFideId "1212915"]
[EventDate "2015.11.26"]

1. d4 d5 2. c4 e6 3. Nf3 Nf6 4. Nc3 Be7 5. Bf4 O-O 6. e3 Nbd7 7. a3 c5 8. cxd5
Nxd5 9. Nxd5 exd5 10. dxc5 Nxc5 11. Be2 Bg4 12. O-O Ne4 13. Be5 Bf6 14. Bxf6
Nxf6 15. Nd4 Bxe2 16. Qxe2 Qb6 17. Rfc1 Rac8 18. Qb5 g6 19. Qxb6 axb6 20. f3 Kg7
21. Kf2 Nd7 22. Ke2 Ne5 23. Nb5 Rc6 24. Rc3 Rfc8 25. Rac1 Rxc3 26. Rxc3 Rc6 27.
Nc7 Nc4 28. Nxd5 Nxb2 29. Rxc6 bxc6 30. Nxb6 Kf6 31. Kd2 c5 32. Kc2 Ke5 33. Kxb2
Kd6 34. Kc3 Kc6 35. Nc4 1-0

[Event "1st FIDE World Online Women Blitz 2015"]
[Site "Rome ITA"]
[Date "2015.11.26"]
[Round "1"]
[White "Harika, Dronavalli"]
[Black "Nikolova, Adriana"]
[Result "1-0"]
[WhiteTitle "GM"]
[BlackTitle "WGM"]
[WhiteElo "2513"]
[BlackElo "2337"]
[WhiteFideId "5015197"]
[BlackFideId "2908689"]
[EventDate "2015.11.26"]

1. Nf3 d5 2. c4 c6 3. e3 Nf6 4. Nc3 g6 5. d4 Bg7 6. Be2 O-O 7. O-O e6 8. b4 b6
9. a4 a5 10. b5 dxc4 11. Ba3 Re8 12. Bxc4 Nd5 13. Ne4 c5 14. Rc1 cxd4 15. Nxd4
Nb4 16. Nc6 Qxd1 17. Rfxd1 N8xc6 18. bxc6 Ba6 19. Bxa6 Nxa6 20. Nd6 Rf8 21. c7
Be5 22. c8=Q Raxc8 23. Rxc8 Bxd6 24. Rxf8+ Bxf8 25. Rd8 Kg7 26. Bxf8+ Kf6 27.
Rc8 e5 28. Kf1 Kf5 29. f3 f6 30. Ke2 h5 31. g3 g5 32. h3 Kg6 33. Bd6 Kf5 34. Rc6
Ke6 35. Rxb6 1-0

[Event "1st FIDE World Online Women Blitz 2015"]
[Site "Rome ITA"]
[Date "2015.11.26"]
[Round "1"]
[White "Gvetadze, Sofio"]
[Black "Zimina, Olga"]
[Result "0-1"]
[WhiteTitle "IM"]
[BlackTitle "IM"]
[WhiteElo "2321"]
[BlackElo "2364"]
[WhiteFideId "13601440"]
[BlackFideId "4132190"]
[EventDate "2015.11.26"]

1. e4 c6 2. d4 d5 3. exd5 cxd5 4. c4 Nf6 5. Nc3 g6 6. cxd5 Bg7 7. Qb3 O-O 8.
Nge2 Na6 9. g3 Qb6 10. Qa3 Nb4 11. Na4 Qa5 12. Bd2 Nc2+ 13. Kd1 Qxd5 14. Kxc2
Qxh1 15. Re1 Bf5+ 16. Kd1 Qe4 17. Qb3 Rac8 18. Nac3 Qf3 19. Be3 Ng4 20. Kd2 Nxf2
21. Nf4 Ne4+ 22. Nxe4 Qxe4 23. Bd3 Qc6 24. Bxf5 gxf5 25. Ne2 Rfd8 26. Rf1 e6 27.
Rc1 Qg2 28. Rg1 Qxh2 29. Qxb7 Bxd4 30. Bxd4 Rxd4+ 31. Ke3 Rdd8 32. Qe7 Qh6+ 33.
Kf2 Rd2 34. Rg2 Rcc2 35. Ke1 Qe3 36. Qe8+ Kg7 37. Qb5 Rc1# 0-1

[Event "1st FIDE World Online Women Blitz 2015"]
[Site "Rome ITA"]
[Date "2015.11.26"]
[Round "2"]
[White "Vasilevich, Irina"]
[Black "Zimina, Olga"]
[Result "1-0"]
[WhiteTitle "IM"]
[BlackTitle "IM"]
[WhiteElo "2305"]
[BlackElo "2364"]
[WhiteFideId "4141296"]
[BlackFideId "4132190"]
[EventDate "2015.11.26"]

1. c4 c6 2. e4 d5 3. exd5 cxd5 4. cxd5 Nf6 5. Qa4+ Nbd7 6. Nc3 g6 7. Nf3 Bg7 8.
Bc4 O-O 9. d3 a6 10. Qa3 b6 11. O-O Bb7 12. Re1 b5 13. Bb3 Re8 14. Be3 Rc8 15.
Ng5 Bf8 16. d6 exd6 17. Bxf7+ Kg7 18. Bxe8 Qxe8 19. Bd4 Ne5 20. f4 Qc6 21. Nce4
d5 22. Qb3 Ned7 23. Nxf6 Nxf6 24. Re6 Bc5 25. Rxc6 Bxd4+ 26. Kh1 Rxc6 27. Re1
Ng4 28. h3 Ne3 29. Nf3 Bb6 30. d4 Nf5 31. g4 Ng3+ 32. Kg2 Ne4 33. Qd3 Rc4 34. f5
g5 35. h4 Bd8 36. hxg5 Nxg5 37. Nxg5 Bxg5 38. Re6 Bc8 39. Re8 Bd7 40. Re5 b4 41.
Qe2 Kf7 42. Qd3 Bf6 43. b3 Rc1 44. Re2 Bb5 45. Qe3 Bxe2 46. Qxc1 Bxd4 47. Qc7+
Kf6 48. Qd6+ Kg5 49. Qxd5 Bc3 50. Qd8+ Kxg4 51. f6 Bf3+ 52. Kf2 Be4 53. f7 1-0

[Event "1st FIDE World Online Women Blitz 2015"]
[Site "Rome ITA"]
[Date "2015.11.26"]
[Round "2"]
[White "Nikolova, Adriana"]
[Black "Gvetadze, Sofio"]
[Result "1-0"]
[WhiteTitle "WGM"]
[BlackTitle "IM"]
[WhiteElo "2337"]
[BlackElo "2321"]
[WhiteFideId "2908689"]
[BlackFideId "13601440"]
[EventDate "2015.11.26"]

1. e4 Nf6 2. e5 Nd5 3. d4 d6 4. Nf3 dxe5 5. dxe5 Nc6 6. Bb5 a6 7. Bxc6+ bxc6 8.
O-O Bg4 9. h3 Bh5 10. e6 fxe6 11. g4 Bf7 12. Ne5 Qd6 13. Re1 g6 14. c4 Nb4 15.
Qf3 Bg8 16. Bf4 Qc5 17. Nc3 Nc2 18. Na4 Nxe1 19. Rxe1 Qd6 20. Rd1 Rd8 21. Rxd6
Rxd6 22. c5 Rd5 23. Nxc6 Bg7 24. b4 e5 25. Bg5 Bf7 26. Nxe7 Rd8 27. Qc6+ Rd7 28.
Qa8+ Rd8 29. Qc6+ Rd7 30. Bf6 Bxf6 31. Qxf6 Rf8 32. Nc6 Rd1+ 33. Kh2 Rd7 34.
Qxe5+ 1-0

[Event "1st FIDE World Online Women Blitz 2015"]
[Site "Rome ITA"]
[Date "2015.11.26"]
[Round "2"]
[White "Padmini, Rout"]
[Black "Harika, Dronavalli"]
[Result "1-0"]
[WhiteTitle "IM"]
[BlackTitle "GM"]
[WhiteElo "2437"]
[BlackElo "2513"]
[WhiteFideId "5029295"]
[BlackFideId "5015197"]
[EventDate "2015.11.26"]

1. e4 e6 2. d4 d5 3. Nc3 Bb4 4. e5 c5 5. a3 Bxc3+ 6. bxc3 Ne7 7. Nf3 Qa5 8. Bd2
Nbc6 9. Rb1 Qc7 10. Bd3 c4 11. Be2 Bd7 12. O-O h6 13. Ne1 O-O-O 14. f4 Kb8 15.
Nf3 Ka8 16. Nh4 Rdg8 17. g3 g5 18. fxg5 hxg5 19. Nf3 Nf5 20. Nxg5 f6 21. Nf3
fxe5 22. Nxe5 Nxe5 23. Bf4 Qd8 24. Bxe5 Qh4 25. Rf2 Nxg3 26. Rg2 Nxe2+ 27. Qxe2
Rxg2+ 28. Qxg2 Rc8 29. Qg7 Bc6 30. Rf1 Qe4 31. Rf8 Qe1+ 32. Kg2 Qe2+ 33. Kg3
Qe3+ 34. Kh4 Qe1+ 35. Bg3 Qe4+ 36. Kh3 Bd7 37. Rxc8+ Bxc8 38. Qf8 Qf5+ 39. Qxf5
exf5 40. Kh4 b5 41. Kg5 a5 42. h4 Kb7 43. h5 Be6 44. Kf6 Bg8 45. Kg7 Be6 46. h6
f4 47. Bxf4 Bf5 48. h7 Bxh7 49. Kxh7 b4 50. cxb4 axb4 51. axb4 Kc6 52. c3 Kb5
53. Bd2 Ka4 54. Be1 Kb5 55. Kg6 Ka4 56. Kf5 Kb5 57. Ke5 1-0

[Event "1st FIDE World Online Women Blitz 2015"]
[Site "Rome ITA"]
[Date "2015.11.26"]
[Round "2"]
[White "Gunina, Valentina"]
[Black "Dzagnidze, Nana"]
[Result "0-1"]
[WhiteTitle "GM"]
[BlackTitle "GM"]
[WhiteElo "2516"]
[BlackElo "2566"]
[WhiteFideId "4167570"]
[BlackFideId "13601903"]
[EventDate "2015.11.26"]

1. d4 Nf6 2. c4 e6 3. Nf3 d5 4. Nc3 dxc4 5. e4 Bb4 6. Bxc4 Nxe4 7. O-O Nxc3 8.
bxc3 Bd6 9. Bg5 Be7 10. Bxe7 Qxe7 11. Qe2 O-O 12. Bd3 Nd7 13. Qe4 Nf6 14. Qh4 h6
15. Ne5 Re8 16. f4 Bd7 17. Rf3 Nd5 18. Qe1 Bc6 19. Qd2 Nf6 20. Re3 Rad8 21. Rf1
Qd6 22. Qc2 a6 23. Rg3 Re7 24. Qe2 b5 25. Qe3 Nd5 26. Qc1 f5 27. Rg6 Nf6 28.
Nxc6 Qxc6 29. Qe1 Qd5 30. Qh4 Kf8 31. Re1 Rf7 32. h3 Rd6 33. Qf2 Rc6 34. Re5 Qd6
35. Qe1 b4 36. Bxf5 exf5 37. Rxf6 Rxf6 38. Re8+ Kf7 39. d5 Rxc3 40. Qe2 Rc1+ 41.
Kh2 Qxf4+ 42. g3 Qd6 43. Qh5+ g6 44. Qe2 Rc2 0-1

[Event "1st FIDE World Online Women Blitz 2015"]
[Site "Rome ITA"]
[Date "2015.11.26"]
[Round "3"]
[White "Dzagnidze, Nana"]
[Black "Vasilevich, Irina"]
[Result "1-0"]
[WhiteTitle "GM"]
[BlackTitle "IM"]
[WhiteElo "2566"]
[BlackElo "2305"]
[WhiteFideId "13601903"]
[BlackFideId "4141296"]
[EventDate "2015.11.26"]

1. d4 Nf6 2. c4 Nc6 3. Nf3 e6 4. g3 Bb4+ 5. Bd2 a5 6. Bg2 d6 7. O-O Bxd2 8. Qxd2
O-O 9. Nc3 e5 10. Rfd1 Qe7 11. dxe5 dxe5 12. Nd5 Nxd5 13. cxd5 Nb4 14. a3 Na6
15. Qxa5 Bg4 16. Qc3 Rfe8 17. Rac1 e4 18. Nd4 Rad8 19. h3 Bc8 20. Nb5 e3 21.
Qxe3 Qxe3 22. fxe3 Rxe3 23. Kf2 Rde8 24. Bf3 R3e7 25. d6 cxd6 26. Nxd6 Be6 27.
Nxe8 Rxe8 28. Bxb7 Nb8 29. a4 1-0

[Event "1st FIDE World Online Women Blitz 2015"]
[Site "Rome ITA"]
[Date "2015.11.26"]
[Round "3"]
[White "Harika, Dronavalli"]
[Black "Foisor, Sabina-Francesca"]
[Result "1-0"]
[WhiteTitle "GM"]
[BlackTitle "WGM"]
[WhiteElo "2513"]
[BlackElo "2258"]
[WhiteFideId "5015197"]
[BlackFideId "1212915"]
[EventDate "2015.11.26"]

1. c4 e6 2. g3 d5 3. Nf3 Nf6 4. Bg2 Be7 5. O-O O-O 6. d4 Nbd7 7. Qc2 c6 8. b3 b6
9. Rd1 Bb7 10. a4 Rc8 11. a5 c5 12. axb6 axb6 13. Na3 dxc4 14. Nxc4 cxd4 15.
Nxd4 Bxg2 16. Kxg2 Qc7 17. f3 Qb7 18. Nb5 Ne5 19. Bf4 Nxc4 20. bxc4 Qc6 21. Rac1
Qc5 22. Qb3 e5 23. Be3 Qb4 24. Qxb4 Bxb4 25. Bxb6 Rc6 26. Bf2 g6 27. c5 e4 28.
Rc4 exf3+ 29. exf3 Bxc5 30. Rxc5 Rxc5 31. Bxc5 Rc8 32. Bf2 Kg7 33. Bd4 Rc2+ 34.
Kg1 g5 35. Nd6 Kg6 36. Bxf6 Kxf6 37. Ne4+ Kg6 38. Rd6+ Kg7 39. g4 h6 40. Ng3 f6
41. Nf5+ Kf7 42. Nxh6+ Ke7 43. Nf5+ Kf7 44. Ra6 1-0

[Event "1st FIDE World Online Women Blitz 2015"]
[Site "Rome ITA"]
[Date "2015.11.26"]
[Round "3"]
[White "Gvetadze, Sofio"]
[Black "Padmini, Rout"]
[Result "1/2-1/2"]
[WhiteTitle "IM"]
[BlackTitle "IM"]
[WhiteElo "2321"]
[BlackElo "2437"]
[WhiteFideId "13601440"]
[BlackFideId "5029295"]
[EventDate "2015.11.26"]

1. e4 c5 2. Nf3 d6 3. d4 cxd4 4. Nxd4 Nf6 5. f3 a6 6. c4 e6 7. Nc3 Be7 8. Be3
O-O 9. Qd2 b6 10. Be2 Bb7 11. O-O Nbd7 12. Rfd1 Rc8 13. Rac1 Qc7 14. Bf1 Rfd8
15. Qf2 Qb8 16. Nc2 Ba8 17. Na3 Qb7 18. Qg3 Nh5 19. Qh3 Nhf6 20. Qg3 Nh5 21. Qf2
Nhf6 22. g4 h6 23. h4 Ne5 24. g5 hxg5 25. hxg5 Nfg4 26. fxg4 Nxg4 27. Qf3 Nxe3
28. Qxe3 d5 29. Qg3 dxe4 30. Bg2 b5 31. Nxe4 Qa7+ 32. Kh1 Bxe4 33. Bxe4 b4 34.
Nb1 Rxd1+ 35. Rxd1 Rxc4 36. Qd3 Qc5 37. Nd2 Rc1 38. Nf3 g6 39. Kg2 a5 40. Rd2
Bxg5 41. Rf2 Be3 42. Re2 Bf4 43. Qd8+ Kg7 44. Qh4 g5 45. Qh7+ Kf8 46. Qh8+ Ke7
47. Qd4 Qxd4 48. Nxd4 Kf6 49. Bf3 a4 50. Nc6 b3 51. axb3 axb3 52. Nd4 Be5 53.
Nxb3 Rb1 54. Nd2 Rxb2 55. Ne4+ Kg6 56. Rxb2 Bxb2 57. Nd6 f5 58. Nc4 Bd4 59. Bc6
Kf6 60. Nd2 g4 61. Nb3 Be3 62. Na5 f4 63. Nc4 Bd4 64. Nd2 Kf5 65. Be4+ Kg5 66.
Bc6 f3+ 67. Nxf3+ gxf3+ 68. Kxf3 e5 69. Ke4 Bc3 70. Bd5 Bd4 71. Bc6 Bc3 72. Bd5
Bd4 73. Bc6 1/2-1/2

[Event "1st FIDE World Online Women Blitz 2015"]
[Site "Rome ITA"]
[Date "2015.11.26"]
[Round "3"]
[White "Zimina, Olga"]
[Black "Nikolova, Adriana"]
[Result "1-0"]
[WhiteTitle "IM"]
[BlackTitle "WGM"]
[WhiteElo "2364"]
[BlackElo "2337"]
[WhiteFideId "4132190"]
[BlackFideId "2908689"]
[EventDate "2015.11.26"]

1. Nf3 d5 2. c4 e6 3. g3 Nf6 4. Bg2 Be7 5. O-O O-O 6. d4 dxc4 7. Qc2 a6 8. a4
Bd7 9. Rd1 Bc6 10. Nc3 a5 11. e4 Na6 12. Qe2 Nb4 13. Be3 Nd3 14. Ne1 Nxe1 15.
Rxe1 Bb4 16. f3 Bxc3 17. bxc3 b5 18. axb5 Bxb5 19. f4 c6 20. g4 a4 21. g5 Nd7
22. f5 exf5 23. exf5 Qa5 24. Bd2 Rad8 25. g6 fxg6 26. fxg6 Nf6 27. gxh7+ Kh8 28.
Qe5 Rde8 29. Qg5 Rxe1+ 30. Rxe1 a3 31. Qc5 Nd7 32. Qe7 a2 33. Ra1 Qd8 34. Qxd8
Rxd8 35. Rxa2 Nf6 36. Ra7 Kxh7 37. Bg5 Kg6 38. h4 Re8 39. Bf3 Re1+ 40. Kf2 Rb1
41. Rc7 Rb2+ 42. Kg3 Rb3 43. Bd2 Rb2 44. Be1 Rb1 45. Kf2 Rb2+ 46. Ke3 Rb1 47.
Bd2 Kf5 48. Ke2 Rb2 49. Rxg7 Ba4 50. Rg5+ Ke6 51. Rc5 Rb1 52. Bxc6 Bd1+ 53. Kf2
Ng4+ 54. Kg3 Be2 55. Be4 Nf6 56. Bxb1 Nh5+ 57. Kf2 Bd1 58. Re5+ Kd6 59. Bg5 Ng7
60. Bg6 Ne6 61. Bf6 Nf4 62. h5 Bxh5 63. Bxh5 Nd3+ 64. Ke3 Nxe5 65. Bxe5+ Kd5 66.
Bf3+ Ke6 67. Be2 Kd7 68. Bxc4 1-0

[Event "1st FIDE World Online Women Blitz 2015"]
[Site "Rome ITA"]
[Date "2015.11.26"]
[Round "4"]
[White "Vasilevich, Irina"]
[Black "Nikolova, Adriana"]
[Result "1-0"]
[WhiteTitle "IM"]
[BlackTitle "WGM"]
[WhiteElo "2305"]
[BlackElo "2337"]
[WhiteFideId "4141296"]
[BlackFideId "2908689"]
[EventDate "2015.11.26"]

1. c4 e5 2. Nc3 Nf6 3. g3 d5 4. cxd5 Nxd5 5. Bg2 Nb6 6. e3 Nc6 7. Nge2 Be7 8.
O-O f5 9. d4 e4 10. f3 exf3 11. Bxf3 O-O 12. Qb3+ Kh8 13. Nf4 Bf6 14. Bg2 Qd6
15. Nb5 Qe7 16. Bd2 Re8 17. Nc3 Na5 18. Qc2 Nac4 19. Ncd5 Qf7 20. Nxf6 Qxf6 21.
Rae1 c6 22. Bc1 Nd6 23. b3 Ne4 24. Bb2 Qe7 25. a4 Nd5 26. Nd3 Nb4 27. Nxb4 Qxb4
28. Bxe4 Rxe4 29. d5 cxd5 30. Bc3 Qe7 31. Bd4 Be6 32. Qb2 Re8 33. Rc1 b6 34. Rc6
Rc8 35. Rfc1 Rxc6 36. Rxc6 Bd7 37. Rc7 h5 38. Qc3 Rg4 39. Kf2 Qe4 40. Rxd7 Qh1
41. Bxg7+ Kg8 42. Rd8+ Kh7 43. Rh8+ Kg6 44. Qf6# 1-0

[Event "1st FIDE World Online Women Blitz 2015"]
[Site "Rome ITA"]
[Date "2015.11.26"]
[Round "4"]
[White "Padmini, Rout"]
[Black "Zimina, Olga"]
[Result "0-1"]
[WhiteTitle "IM"]
[BlackTitle "IM"]
[WhiteElo "2437"]
[BlackElo "2364"]
[WhiteFideId "5029295"]
[BlackFideId "4132190"]
[EventDate "2015.11.26"]

1. d4 d5 2. Nf3 Nf6 3. c4 c6 4. Nc3 dxc4 5. a4 Bf5 6. e3 e6 7. Bxc4 Bb4 8. O-O
O-O 9. Bd2 Nbd7 10. Re1 Bg6 11. Qb3 a5 12. Ne5 Nxe5 13. dxe5 Qxd2 14. exf6 gxf6
15. Rad1 Qc2 16. Qxc2 Bxc2 17. Rd7 Rab8 18. Rc1 Bg6 19. h4 Rfd8 20. Rcd1 Rxd7
21. Rxd7 Kf8 22. g4 Ke8 23. Rd2 h6 24. h5 Bh7 25. f4 Ke7 26. Kf2 b5 27. axb5
cxb5 28. Be2 Bxc3 29. bxc3 b4 30. cxb4 axb4 31. Rb2 Be4 32. Bc4 Kd6 33. Bb3 Ra8
34. Rd2+ Kc5 35. Rd4 Bd5 36. Bxd5 exd5 37. Ke2 Ra2+ 38. Kd1 Rg2 39. g5 fxg5 40.
fxg5 Rxg5 41. Rf4 f5 42. Kc2 Rxh5 43. Kb3 Rh3 44. Rxf5 Rxe3+ 45. Kb2 Kc4 46. Rf8
Re2+ 47. Kc1 b3 48. Rh8 Kc3 49. Rc8+ Kd3 50. Rh8 Rh2 51. Kb1 h5 0-1

[Event "1st FIDE World Online Women Blitz 2015"]
[Site "Rome ITA"]
[Date "2015.11.26"]
[Round "4"]
[White "Foisor, Sabina-Francesca"]
[Black "Gvetadze, Sofio"]
[Result "1-0"]
[WhiteTitle "WGM"]
[BlackTitle "IM"]
[WhiteElo "2258"]
[BlackElo "2321"]
[WhiteFideId "1212915"]
[BlackFideId "13601440"]
[EventDate "2015.11.26"]

1. d4 Nf6 2. Bf4 e6 3. e3 c5 4. c3 b6 5. Nd2 Bb7 6. Ngf3 Be7 7. Bd3 O-O 8. O-O
cxd4 9. exd4 d6 10. Qe2 Nbd7 11. Rad1 Nh5 12. Bg3 Nxg3 13. fxg3 Nf6 14. Ng5 h6
15. Nge4 Nd5 16. Rde1 f5 17. Nf2 Nc7 18. Nh3 e5 19. Rxf5 Bf6 20. dxe5 Bxe5 21.
Ref1 Rxf5 22. Rxf5 b5 23. a3 a6 24. Rf1 Ne6 25. Nf2 Nc5 26. Bc2 Qb6 27. Kh1 Rf8
28. Nf3 Bf6 29. Ng4 Qc6 30. Nxf6+ Rxf6 31. h3 Nd7 32. Qd3 Ne5 33. Qh7+ Kf8 34.
Qh8+ Kf7 35. Bb3+ Nc4 36. Qh7 Qe4 37. Qxe4 Bxe4 38. Bxc4+ bxc4 39. Nd2 Bd3 40.
Rxf6+ Kxf6 41. Kg1 Ke5 42. Kf2 Kd5 43. Ke3 Ke5 44. g4 d5 45. Nf3+ Kd6 46. Kd4
Bf1 47. Nh4 Ke6 48. Ng6 Kf6 49. Nf4 g5 50. Nxd5+ Ke6 51. Ne3 Bd3 52. Nxc4 Bf1
53. Ne3 Be2 54. c4 Kd6 55. b4 Kc6 56. a4 1-0

[Event "1st FIDE World Online Women Blitz 2015"]
[Site "Rome ITA"]
[Date "2015.11.26"]
[Round "4"]
[White "Gunina, Valentina"]
[Black "Harika, Dronavalli"]
[Result "1/2-1/2"]
[WhiteTitle "GM"]
[BlackTitle "GM"]
[WhiteElo "2516"]
[BlackElo "2513"]
[WhiteFideId "4167570"]
[BlackFideId "5015197"]
[EventDate "2015.11.26"]

1. d4 g6 2. c4 Bg7 3. Nf3 Nf6 4. g3 O-O 5. Bg2 d6 6. O-O Nbd7 7. Nc3 e5 8. h3
Re8 9. e4 exd4 10. Nxd4 Nc5 11. Re1 Bd7 12. Bf4 h6 13. Qd2 g5 14. Be3 Nfxe4 15.
Nxe4 Nxe4 16. Qc2 f5 17. g4 f4 18. Bxe4 fxe3 19. fxe3 Bxd4 20. exd4 Qf6 21. Rad1
Bc6 22. Bd5+ Bxd5 23. cxd5 Rxe1+ 24. Rxe1 Qxd4+ 25. Kh2 Rf8 26. Re2 Qf4+ 27. Kg2
Qf3+ 28. Kh2 Qf6 29. Kg2 Rf7 30. Re8+ Kg7 31. Qc3 Qxc3 32. bxc3 c6 33. Rd8 cxd5
34. Rxd6 Rc7 35. Rxd5 Rxc3 36. Rd7+ Kf6 37. Rd6+ Ke5 38. Rxh6 Rc2+ 39. Kf3 Rxa2
40. Rg6 Ra3+ 41. Kg2 Kf4 42. Rf6+ Ke4 43. Rf5 Ra2+ 44. Kg3 Ra3+ 45. Kg2 Ra2+ 46.
Kg3 a6 47. Rxg5 b5 48. Rc5 Kd4 49. Rc8 b4 50. g5 Ra1 51. Kf2 b3 52. Rb8 Kc3 53.
g6 Ra5 54. g7 Rg5 55. g8=Q Rxg8 56. Rxg8 b2 57. Rc8+ Kd2 58. Rb8 Kc2 59. h4 b1=Q
60. Rxb1 Kxb1 61. h5 a5 62. h6 a4 63. h7 a3 64. h8=Q a2 65. Qb8+ Ka1 66. Qa7 Kb1
67. Qb6+ Ka1 68. Qa5 Kb1 69. Qb4+ Ka1 70. Qc5 Kb2 71. Ke2 a1=Q 72. Kd2 Qa3 73.
Qxa3+ Kxa3 1/2-1/2

[Event "1st FIDE World Online Women Blitz 2015"]
[Site "Rome ITA"]
[Date "2015.11.26"]
[Round "5"]
[White "Gvetadze, Sofio"]
[Black "Gunina, Valentina"]
[Result "0-1"]
[WhiteTitle "IM"]
[BlackTitle "GM"]
[WhiteElo "2321"]
[BlackElo "2516"]
[WhiteFideId "13601440"]
[BlackFideId "4167570"]
[EventDate "2015.11.26"]

1. e4 c6 2. d4 d5 3. exd5 cxd5 4. c4 Nf6 5. Nc3 g6 6. cxd5 Bg7 7. Nf3 O-O 8. h3
b6 9. Bc4 Bb7 10. Qb3 e6 11. dxe6 Bxf3 12. exf7+ Kh8 13. gxf3 Nc6 14. Be3 Na5
15. Qa4 Nxc4 16. Qxc4 Qe7 17. O-O-O Rac8 18. Qb3 Rxf7 19. Kb1 Nh5 20. Bg5 Qf8
21. Rhe1 Rxf3 22. Ka1 Rxf2 23. Bc1 Nf6 24. d5 Nd7 25. Be3 Nc5 26. Qc4 b5 27.
Qxb5 Rxb2 28. Kxb2 Rb8 29. Qxb8 Qxb8+ 30. Kc2 Qb4 31. Bxc5 Qxc3+ 0-1

[Event "1st FIDE World Online Women Blitz 2015"]
[Site "Rome ITA"]
[Date "2015.11.26"]
[Round "5"]
[White "Zimina, Olga"]
[Black "Foisor, Sabina-Francesca"]
[Result "1/2-1/2"]
[WhiteTitle "IM"]
[BlackTitle "WGM"]
[WhiteElo "2364"]
[BlackElo "2258"]
[WhiteFideId "4132190"]
[BlackFideId "1212915"]
[EventDate "2015.11.26"]

1. Nf3 d5 2. c4 e6 3. g3 Nf6 4. Bg2 Be7 5. O-O O-O 6. d4 Nbd7 7. Qc2 c6 8. Nbd2
b6 9. e4 Bb7 10. e5 Ne8 11. Re1 Rc8 12. cxd5 cxd5 13. Qa4 a6 14. Nf1 b5 15. Qd1
Nb6 16. Ne3 a5 17. Bf1 Nc4 18. b3 Nxe3 19. Bxe3 b4 20. Bd3 Qb6 21. Rc1 Rxc1 22.
Qxc1 Ba6 23. Bxa6 Qxa6 24. Qc2 Bd8 25. Bg5 Bxg5 26. Nxg5 g6 27. Rc1 h6 28. Nh3
Ng7 29. Nf4 h5 30. h3 a4 31. bxa4 Ra8 32. Qb3 Qxa4 33. Rc8+ Kh7 34. Rxa8 Qxa8
35. Qxb4 Qxa2 36. Kg2 Qa7 37. Nd3 Nf5 38. Nc5 Qa2 39. Nd7 Qe2 40. Nf6+ Kg7 41.
Ne8+ Kg8 42. Nf6+ Kg7 43. Qc3 Qd1 44. Qc8 Ne3+ 45. fxe3 Qe2+ 46. Kg1 Qe1+ 47.
Kg2 Qe2+ 48. Kg1 Qe1+ 49. Kg2 Qe2+ 1/2-1/2

[Event "1st FIDE World Online Women Blitz 2015"]
[Site "Rome ITA"]
[Date "2015.11.26"]
[Round "5"]
[White "Nikolova, Adriana"]
[Black "Padmini, Rout"]
[Result "0-1"]
[WhiteTitle "WGM"]
[BlackTitle "IM"]
[WhiteElo "2337"]
[BlackElo "2437"]
[WhiteFideId "2908689"]
[BlackFideId "5029295"]
[EventDate "2015.11.26"]

1. e4 c5 2. Nf3 e6 3. c3 d5 4. exd5 exd5 5. d4 Nc6 6. Bb5 a6 7. Bxc6+ bxc6 8.
O-O c4 9. Re1+ Be7 10. Bg5 f6 11. Bf4 h5 12. Qe2 Kf7 13. Nbd2 h4 14. h3 Bf5 15.
Nf1 g5 16. Bh2 Nh6 17. Ne3 Bd3 18. Qd1 Bd6 19. Ng4 Nxg4 20. hxg4 h3 21. Bxd6
Qxd6 22. g3 h2+ 23. Kg2 Be4 24. Rh1 Qe6 25. Kf1 Kg7 26. Rxh2 Bxf3 27. Rxh8 Bxd1
28. Rxa8 Qxg4 29. Re8 Bf3 30. Ke1 c5 31. dxc5 d4 32. cxd4 Qxd4 33. Kf1 Qxb2 34.
Rae1 c3 35. R1e7+ Kg6 36. Rg8+ Kf5 37. g4+ Bxg4 38. Re1 c2 39. c6 c1=Q 40. Rxc1
Qxc1+ 41. Kg2 Qxc6+ 42. Kg1 Bf3 0-1

[Event "1st FIDE World Online Women Blitz 2015"]
[Site "Rome ITA"]
[Date "2015.11.26"]
[Round "6"]
[White "Vasilevich, Irina"]
[Black "Padmini, Rout"]
[Result "0-1"]
[WhiteTitle "IM"]
[BlackTitle "IM"]
[WhiteElo "2305"]
[BlackElo "2437"]
[WhiteFideId "4141296"]
[BlackFideId "5029295"]
[EventDate "2015.11.26"]

1. c4 e5 2. Nc3 Nf6 3. g3 d5 4. cxd5 Nxd5 5. Bg2 Nb6 6. e3 Nc6 7. Nge2 Be7 8.
O-O O-O 9. f4 exf4 10. Nxf4 Ne5 11. d4 Ng6 12. Nfd5 c6 13. Nxe7+ Qxe7 14. Qd3 c5
15. d5 Ne5 16. Qc2 Nbc4 17. b3 Nd6 18. Bb2 b6 19. Rae1 Ba6 20. Ne2 Nd3 21. e4
Nxe1 22. Rxe1 Bxe2 23. Rxe2 f6 24. Bh3 Nf7 25. Be6 Kh8 26. h4 Ne5 27. Kg2 Rad8
28. Rf2 Rd6 29. Bf5 Re8 30. h5 h6 31. a4 Nf7 32. Bg6 Ng5 33. Bxe8 Qxe8 34. Re2
Qxh5 35. Qd3 Qh3+ 36. Kg1 Qg4 37. Kg2 h5 38. e5 Rxd5 39. Qxd5 Qxe2+ 40. Kh1 Nf3
41. Qa8+ Kh7 42. exf6 Qh2# 0-1